| 000 | 00000nam##2200000za#4500 |
| 001 | 9.516750 |
| 003 | CaOODSP |
| 005 | 20200331220909 |
| 007 | ta |
| 008 | 150406|1990||||xxc||||| f|0| 0 eng|d |
| 020 | |a0-662-57747-7 |
| 040 | |aCaOODSP|beng |
| 041 | |aeng |
| 041 | |afre |
| 043 | |an-cn--- |
| 086 | 1 |aEn49-24/1-14 |
| 110 | 1 |aCanada.|bEnvironment Canada. |bEnvironmental Protection. |
| 245 | 10|aBiological test method: reference method for determining acute lethality of effluents to Daphnia magna / |cPrepared by Gary Sergy, Technology Development Branch. |
| 260 | |aOttawa - Ontario : |bEnvironment Canada. |c1990. |
| 300 | |aEnglish text, 18p. : |breferences ; |c28 cm. |
| 490 | 1 |aEnvironmental protection series. Reference method|vEPS 1/RM/14 |
| 546 | |aBilingual |
| 563 | |aSoftcover |
| 720 | 1 |aSergy, Gary |
| 776 | 0#|tBiological test method - reference method for determining acute lethality of effluents to Daphnia magna / |w(CaOODSP)9.577706 |
| 776 | 0#|tMéthode d'essai biologique - méthode de référence pour la détermination de la létalité aiguë d'effluents chez Daphnia magna / |w(CaOODSP)9.606213 |
| 792 | |tMéthode d'essai biologique: méthode de référence pour la détermination de la létalité aiguë d'effluents chez Daphnia magna / |efre|w(CaOODSP)9.516751 |
| 830 | #0|aEnvironmental protection series. Reference method ;|vEPS 1/RM/14|w(CaOODSP)9.509282 |